Statistics for Top 10 Favorite Pokemon

Click here to take the quiz!

General Stats

  • This quiz has been taken 11 times
  • The average score is 5 of 10

Answer Stats

HintAnswer% Correct
Bug/GhostShedinja
100%
Water/GrassLudicolo
88%
Electric/NormalHeliolisk
63%
Steel/ElectricMagnezone
63%
Bug/GroundNincada
63%
Steel/PsychicBronzong
50%
Bug/FlyingNinjask
50%
GrassSerperior
25%
GroundSilicobra
13%
PsychicBeheeyem
0%

Score Distribution

Percentile by Number Answered

Percent of People with Each Score

Your Score History

You have not taken this quiz